| 000 | 00709nam a2200277 a 4500 | ||
|---|---|---|---|
| 003 | AR-BaBNM | ||
| 005 | 20251128205238.0 | ||
| 008 | 082120s2002 ||||||||||||||000 | spa|| | ||
| 020 | _a950-22-0199-X | ||
| 040 | _cAR-BaBNM | ||
| 100 | 1 | _aPahlen, Kurt | |
| 245 | 0 | 0 | _aLa música en la educación moderna |
| 250 | _a8ª ed. | ||
| 260 |
_aBuenos Aires _bRicordi _c1984 |
||
| 300 |
_a102 p. _bil. |
||
| 650 | 4 | _aEDUCACION MUSICAL | |
| 650 | 4 | _aENSEÑANZA DE LA MUSICA | |
| 650 | 4 | _aCANTO | |
| 650 | 4 | _aEDUCACION DE ADULTOS | |
| 653 | _aEDUCACION PRIMARIA | ||
| 653 | _aJARDINES DE INFANTES | ||
| 653 | _aEDUCACION SECUNDARIA | ||
| 653 | _aEDUCACION SUPERIOR | ||
| 942 | _cBK | ||
| 998 | _cCARMEN | ||
| 999 |
_c10573 _d10573 |
||